000 00654nam a22002297a 4500
003 UA-OsUOA
001 71965
007 ta
008 20101215b un ||||| |||| 00| 0 ukr d
090 _a821.161.1
_bП71
942 _cBK
040 _aUA-OsUOA
_brus
_cUA-OsUOA
_dUA-OsUOA
245 _aПрелестные картинки
_bФранцузкая новелла эпохи Возрождения
300 _a319 с.
955 _a2
041 _arus
080 _a821.161.1
020 _a5-87686-064-6
260 _aМ.
_bАНИОН-1
_c1991
650 7 _a82 Література. Літературознавство
_2UDC
999 _c358214
_d358214